La educación en un mundo dividido: función de las escuelas públicas en nuestra sociedad

Guardat en:
Dades bibliogràfiques
Autor principal: Conant, James Bryant (Autor)
Format: Llibre
Idioma:espanyol
Publicat: Buenos Aires Nova 1953
Col·lecció:Biblioteca Nova de educación
Matèries:
Etiquetes: Afegir etiqueta
Sense etiquetes, Sigues el primer a etiquetar aquest registre!

MARC

LEADER 00000nam a2200000 a 4500
001 UCW6976
003 CL-VaPUC
008 920730e19530000AG |||||||||||||||||spa|d
082 0 4 |a 370.1  |b CON  |2 21 
100 0 |a Conant, James Bryant  |e author  |9 312077 
245 1 3 |a La educación en un mundo dividido: función de las escuelas públicas en nuestra sociedad 
300 |a 264 p 
942 |c BK 
945 |d 19920730 00:00:00 
260 |a Buenos Aires  |b Nova  |c 1953 
650 0 |a Filosofía de la educación   |9 258384 
583 |a last modification  |c 19920730 00:00:00  |k Rodrigo Vera 
490 0 |a Biblioteca Nova de educación 
999 |c 219871  |d 219869 
952 |0 0  |1 0  |4 0  |6 370_100000000000000_CON_1953  |7 0  |8 P  |9 211346  |a BIBEDU  |b BIBEDU  |c BIBEDU_PB  |d 2019-11-15  |i 2795418  |o 370.1 CON 1953  |p 2795418  |r 2024-01-25  |w 2019-11-15  |y BK  |k EDU